000 00732nam a2200181 a 4500
005 20241113101740.0
008 141117t2010||||sp |||g |||| 000 0 spa d
020 _a9781408232347
041 _aspa
092 _c413
_l16
_sLON
245 _aLongman Diccionario Pocket.
_bPara estudiantes latinoamericanos Inglés-Español Español-Ingles /
_cLongman Diccionario Pocket.
250 _a2a ed.
_bDirección de diccionarios Michael Mayor
260 _aInglaterra:
_bPearson;
_c2010.
300 _a818 p.
_eCD-Rom
500 _aLongman Diccionario Pocket. (2010). Longman diccionario pocket. Para estudiantes latinoamericanos inglés-español español-ingles. (2a ed.). Inglaterra : Pearson.
653 _aDiccionario
942 _2ddc
_cBK
999 _c2167
_d2167